000 01327cam a22002894a 4500
999 _c328849
_d328849
001 12233895
003 Nust
005 20170418104813.0
008 001117s2001 au a b 001 0 eng
010 _a 00067274
020 _a1853835374 (pbk.)
040 _aDLC
_cDLC
042 _apcc
043 _ae------
050 0 0 _aGE160.E85
_bT73 2001
082 0 0 _a363.7094 JOA
_221
245 0 0 _aTransboundary risk management /
_cEdited by Joanne Linnerooth-Bayer, Ragnar E. Löfstedt, and Gunnar Sjöstedt.
260 _aLaxenburg, Austria :
_bInternational Institute for Applied Systems Analysis ;
_aLondon ;
_aSterling, VA :
_bEarthscan Publications,
_c2001.
300 _axiv, 338 p. :
_bill. ;
_c24 cm.
440 0 _aRisk, society, and policy series
500 _aH.B
504 _aIncludes bibliographical references and index.
650 0 _aEnvironmental risk assessment
_zEurope.
700 1 _aLinnerooth-Bayer, Joanne,
_d1947-
700 1 _aLöfstedt, Ragnar.
700 1 _aSjöstedt, Gunnar.
906 _a7
_bcbc
_corignew
_d1
_eocip
_f20
_gy-gencatlg
942 _2ddc
_cBK
_k363.7094 JOA